000 01019nam a2200289 a 4500
008
020 _a0435080717 (U.S.)
020 _a0435080733 (pbk.)
049 _aMAIN
090 _aHC800
_bSTR
245 0 0 _aStructural adjustment & the African farmer /
_cedited by Alex Duncan & John Howell.
260 _aLondon :
_bOverseas Development Institute in association with J. Currey,
_c1992.
300 _ax, 214 p. :
_bill. ;
_c25 cm.
504 _aIncludes bibliographical references.
500 _aIncludes index.
650 0 _aStructural adjustment (Economic policy)
_zAfrica
_xCase studies.
650 0 _aAgriculture
_xEconomic aspects
_zAfrica
_xCase studies.
650 0 _aRural poor
_zAfrica
_xCase studies.
700 1 _aDuncan, Alex.
700 1 _aHowell, John.
710 2 _aOverseas Development Institute (London, England)
907 _a.b10080417
_b07-05-12
_c05-07-03
003
005 20230123133319.0
040 _cNUST
942 _cBOOKS
_kHC800
_mSTR
999 _c146448
_d146448